| 000 | 00392nam a2200157Ia 4500 | ||
|---|---|---|---|
| 003 | GCL | ||
| 008 | 140319s9999 xx 000 0 eng d | ||
| 040 |
_aGCL / _cGCL |
||
| 082 | 0 | 4 |
_a794 _bBD |
| 100 | 1 | _aBERLOQUIN, PIERRE | |
| 245 | 1 | 0 |
_aDEVELOPPER LA CREATIVITE / _cBERLOQUIN, PIERRE |
| 260 |
_a[S.N] : _bLE LIVRE DE POCHE ، _c1991 |
||
| 300 | _a75 | ||
| 650 | 0 | 4 | _aGAMES |
| 942 |
_2ddc _cBK |
||
| 999 |
_c25279 _d25279 |
||